A világ fővárosai - magyar - Statistics

General Stats
  • This quiz has been taken 105 times
  • The average score is 49 of 195
Answer Stats
Hint Answer % Correct
Ausztria Bécs
94%
Belgium Brüsszel
94%
Magyarország Budapest
88%
Románia Bukarest
88%
Japán Tokió
88%
Egyesült Királyság London
81%
Vatikán Vatikán
81%
Németország Berlin
75%
Dánia Koppenhága
75%
Portugália Lisszabon
75%
Spanyolország Madrid
75%
Oroszország Moszkva
75%
Franciaország Párizs
75%
Olaszország Róma
75%
Törökország Ankara
69%
Görögország Athén
69%
Ausztrália Canberra
69%
Ukrajna Kijev
69%
Mexikó Mexikóváros
69%
Norvégia Oslo
69%
Kína Peking
69%
Csehország Prága
69%
Szerbia Belgrád
63%
Svájc Bern
63%
Írország Dublin
63%
Egyiptom Kairó
63%
Szlovénia Ljubljana
63%
Luxemburg Luxembourg
63%
Fehéroroszország Minszk
63%
Szlovákia Pozsony
63%
Izland Reykjavík
63%
Svédország Stockholm
63%
Bulgária Szófia
63%
Lengyelország Varsó
63%
Hollandia Amszterdam
56%
Argentínia Buenos Aires
56%
Finnország Helsinki
56%
Izrael Jeruzsálem
56%
Albánia Tirana
56%
Horvátország Zágráb
56%
Kanada Ottawa
50%
Bosznia-Hercegovina Szarajevó
50%
Dél-Korea Szöul
50%
Észtország Tallinn
50%
India Újdelhi
50%
Andorra Andorra la Vella
44%
Azerbajdzsán Baku
44%
Monaco Monaco
44%
Koszovó Pristina
44%
Lettország Riga
44%
San Marino San Marino
44%
Irán Teherán
44%
Liechtenstein Vaduz
44%
Málta Valletta
44%
Litvánia Vilnius
44%
USA Washington D.C
44%
Thaiföld Bangkok
38%
Brazília Brazíliaváros
38%
Dél-afrikai Köztársaság Fokváros
38%
Kuba Havanna
38%
Montenegró Podgorica
38%
Tunézia Tunisz
38%
Jordánia Ammán
31%
Irak Bagdad
31%
Kolumbia Bogotá
31%
Afganisztán Kabul
31%
Moldova Kisinyov
31%
Peru Lima
31%
Kenya Nairobi
31%
Chile Santiago
31%
Szingapúr Szingapúr
31%
Új-Zéland Wellington
31%
Algéria Algír
25%
Indonézia Jakarta
25%
Örményország Jereván
25%
Ciprus Nicosia
25%
Panama Panamaváros
25%
Marokkó Rabat
25%
Észak-Macedónia Szkopje
25%
Tajvan Taipei
25%
Ghána Accra
19%
Libanon Bejrút
19%
Venezuela Caracas
19%
Bangladesh Dakka
19%
Katar Doha
19%
Guatemala Guatemalaváros
19%
Saint Vincent és a Grenadine-szigetek Kingstown
19%
Fülöp-szigetek Manila
19%
Uruguay Montevideó
19%
Észak-Korea Phenjan
19%
Grúzia Tbiliszi
19%
Mongólia Ulánbátor
19%
Egyesült Arab Emírségek Abu-Dzabi
13%
Nigéria Abuja
13%
Kazahsztán Asztana
13%
Kirgizisztán Biskek
13%
Bissau-Guinea Bissau
13%
Szenegál Dakar
13%
Szíria Damaszkusz
13%
Kelet-Timor Dili
13%
Dzsibuti Dzsibuti
13%
Sierra Leone Freetown
13%
Guyana Georgetown
13%
Vietnám Hanoi
13%
Pakisztán Iszlámábád
13%
Jamaica Kingston
13%
Malajzia Kuala Lumpur
13%
Kuvait Kuvaitváros
13%
Angola Luanda
13%
Maldív-szigetek Malé
13%
Omán Maszkat
13%
Ecuador Quito
13%
Costa Rica San José
13%
São Tomé és Príncipe Sao Tomé
13%
Líbia Tripoli
13%
Szamoa Apia
6%
Türkmenisztán Asgabat
6%
Mali Bamako
6%
Belize Belmopan
6%
Barbados Bridgetown
6%
Srí Lanka Colombo
6%
Uganda Kampala
6%
Nepál Katmandu
6%
Togo Lomé
6%
Bahrein Manáma
6%
Bahama-szigetek Nassau
6%
Csád N'Djamena
6%
Palau Ngerulmud
6%
Burkina Faso Ouagadougou
6%
Pápua Új-Guinea Port Moresby
6%
Szaúd-Arábia Rijád
6%
El Salvador San Salvador
6%
Antigua és Barbadua St. Johns
6%
Bolívia Sucre
6%
Fidzsi-szigetek Suva
6%
Jemen Szanaa
6%
Seychelle-szigetek Victoria
6%
Etiópia Addisz-Abeba
0%
Madagaszkár Antananarivo
0%
Paraguay Asunción
0%
Eritrea Aszmara
0%
Brunei Bandar Seri Begawan
0%
Közép-afrikai Köztársaság Bangui
0%
Gambia Banjul
0%
Saint Kitts és Nevis Basseterre
0%
Kongói Köztársaság Brazzaville
0%
Saint Lucia Castries
0%
Guinea Conakry
0%
Tanzánia Dodoma
0%
Tádzsikisztán Dusanbe
0%
Tuvalu Funafuti
0%
Botswana Gaborone
0%
Burundi Gitega
0%
Zimbabwe Harare
0%
Salamon-szigetek Honiara
0%
Dél-Szudán Juba
0%
Szudán Kartúm
0%
Ruanda Kigali
0%
Kongói Demokratikus Köztársaság Kinshasa
0%
Gabon Libreville
0%
Malawi Lilongwe
0%
Zambia Lusaka
0%
Marshall-szigetek Majuro
0%
Nicaragua Managua
0%
Mozambik Maputo
0%
Lesotho Maseru
0%
Szváziföld Mbabane
0%
Szomália Mogadishu
0%
Libéria Monrovia
0%
Comore-szigetek Moroni
0%
Mianmar Nepjida
0%
Niger Niamey
0%
Mauritánia Nouakchott
0%
Tonga Nukuʻalofa
0%
Mikronézia Palikir
0%
Suriname Paramaribo
0%
Kambodzsa Phnompen
0%
Haiti Port-au-Prince
0%
Mauritius Port Louis
0%
Trinidad és Tobago Port of Spain
0%
Benin Porto-Novo
0%
Vanuatu Port Vila
0%
Zöld-foki Köztársaság Praia
0%
Dominikai Közösség Roseau
0%
Dominikai Köztársaság Santo Domingo
0%
Kiribati South Tarawa
0%
Grenada St. Georges
0%
Üzbegisztán Taskent
0%
Honduras Teguicigalpa
0%
Bhután Timpu
0%
Laosz Vientián
0%
Namíbia Windhoek
0%
Elefántcsontpart Yamoussoukro
0%
Kamerun Yaoundé
0%
Nauru Yaren
0%
No matching quizzes found
Score Distribution
Percent of People with Each Score
Percentile by Number Answered
Your Score History
You have not taken this quiz